[Event "Mallorca-ch C"]
[Site "Palma de Mallorca"]
[Date "2018.11.24"]
[Round "5.7"]
[White "Diez Cabeza, Vicente"]
[Black "Orcera Gomez, Francisco"]
[Result "1-0"]
[WhiteElo "1616"]
[BlackElo "1597"]
[PlyCount "79"]
[EventDate "2018.11.10"]
[EventType "swiss"]
[EventRounds "6"]
[EventCountry "ESP"]
[SourceTitle "EXT 2024"]
[Source "ChessBase"]
[SourceDate "2023.10.10"]
[SourceVersion "1"]
[SourceVersionDate "2023.10.10"]
[SourceQuality "1"]

1. d4 Nf6 2. c4 c6 3. Nc3 d5 4. e3 e6 5. Nf3 Nbd7 6. a3 Bd6 7. b4 0-0 8. Qb3 Ne4 9. Bd3 f5 10. cxd5 exd5 11. Nxe4 fxe4 12. Bxe4 Kh8 13. Bc2 Nf6 14. Bb2 a5 15. bxa5 Qxa5+ 16. Qc3 Qxc3+ 17. Bxc3 Rxa3 18. Rxa3 Bxa3 19. h3 Bd6 20. Ke2 Bd7 21. Rb1 b5 22. Ne5 Bxe5 23. dxe5 Ne4 24. Bxe4 dxe4 25. Rd1 Be6 26. Rd6 Bd5 27. e6 Rg8 28. e7 Re8 29. Bb4 Kg8 30. Rd7 Kf7 31. f3 g6 32. fxe4 Bxe4 33. Kf2 Ke6 34. Rd8 Kf7 35. Rd4 Bc2 36. Kg3 Ke6 37. Kf4 Bb3 38. Rd8 Kf7 39. Ke5 Be6 40. Rxe8 1-0

[Event "Santa Margalida Mallorca-ch"]
[Site "Santa Margalida"]
[Date "2016.11.12"]
[Round "2"]
[White "Orcera Gomez, Francisco"]
[Black "Nadal Marti, Bernardo Pedro"]
[Result "0-1"]
[WhiteElo "1641"]
[BlackElo "1916"]
[PlyCount "79"]
[EventDate "2016.11.11"]
[EventType "swiss"]
[EventRounds "8"]
[EventCountry "ESP"]
[SourceTitle "EXT 2018"]
[Source "ChessBase"]
[SourceDate "2017.10.13"]
[SourceVersion "1"]
[SourceVersionDate "2017.10.13"]
[SourceQuality "1"]

1. e4 d5 2. exd5 Qxd5 3. Nc3 Qa5 4. d4 Nf6 5. Bd3 Bg4 6. f3 Bh5 7. Nge2 e6 8. Bd2 c6 9. Ne4 Qd8 10. 0-0 Nbd7 11. c4 Be7 12. Qb3 Qb6 13. Qa4 Qd8 14. Bf4 0-0 15. b4 a5 16. b5 c5 17. Bd6 Bxd6 18. Nxd6 Qb6 19. Ne4 Nxe4 20. fxe4 cxd4 21. Kh1 Ne5 22. Qc2 Ng4 23. Ng3 Ne3 24. Qf2 Bg6 25. Rfc1 Qc5 26. a4 Rac8 27. Qa2 Qg5 28. Qb2 Rfd8 29. Rab1 b6 30. Re1 Qh4 31. Qe2 Rc5 32. Nf1 Rh5 33. h3 Nxg2 34. Qxg2 Qxh3+ 35. Qxh3 Rxh3+ 36. Kg2 Rxd3 37. Ng3 Rc3 38. Rec1 Rc8 39. Ne2 Bxe4+ 40. Kh2 0-1

[Event "Palmanova Blau Escacs op 1st"]
[Site "Palmanova"]
[Date "2015.04.14"]
[Round "4"]
[White "Orcera Gomez, Francisco"]
[Black "Boix Pons, Catalina"]
[Result "1/2-1/2"]
[WhiteElo "1713"]
[BlackElo "1916"]
[PlyCount "87"]
[EventDate "2015.04.11"]
[EventType "swiss"]
[EventRounds "9"]
[EventCountry "ESP"]
[SourceTitle "CBM 166 Extra"]
[Source "ChessBase"]
[SourceDate "2015.06.18"]
[SourceVersion "1"]
[SourceVersionDate "2015.06.18"]
[SourceQuality "1"]

1. d4 d5 2. Nc3 Nf6 3. Nf3 e6 4. Bf4 c6 5. a3 Be7 6. h3 Nbd7 7. e3 0-0 8. Bd3 c5 9. 0-0 a6 10. a4 b6 11. b3 Bb7 12. Nd2 Rc8 13. Qe2 cxd4 14. Nd1 dxe3 15. Bxe3 Bc5 16. Bxa6 Bxa6 17. Qxa6 Bd6 18. c3 e5 19. b4 Ra8 20. Qb5 Qc7 21. Nf3 Rfc8 22. Nh4 Qc4 23. Qxc4 Rxc4 24. Nf3 Ne4 25. Nd2 Nxd2 26. Bxd2 Nf6 27. Ne3 Rc7 28. Nf5 Bf8 29. f3 g6 30. Ng3 Rca7 31. Be3 Rxa4 32. Rxa4 Rxa4 33. Bxb6 Nd7 34. Ba5 f5 35. Rd1 Nf6 36. Bd8 Bg7 37. Bxf6 Bxf6 38. Rxd5 Kf7 39. Ra5 Rxa5 40. bxa5 Bd8 41. a6 Ke7 42. Kf1 Bb6 43. Ke2 Kd6 44. Kd3 1/2-1/2

[Event "Mallorca-chC"]
[Site "Palma de Mallorca"]
[Date "2011.11.06"]
[Round "3"]
[White "Orcera Gomez, Francisco"]
[Black "Gallardo Pina, Neus"]
[Result "0-1"]
[WhiteElo "1764"]
[BlackElo "1826"]
[PlyCount "84"]
[EventDate "2011.10.29"]
[EventType "swiss"]
[EventRounds "8"]
[EventCountry "ESP"]
[SourceTitle "EXT 2017"]
[Source "ChessBase"]
[SourceDate "2016.10.25"]
[SourceVersion "1"]
[SourceVersionDate "2016.10.25"]
[SourceQuality "1"]

1. c4 c5 2. Nc3 g6 3. Nf3 Bg7 4. g3 Nf6 5. Bg2 0-0 6. 0-0 d6 7. d3 Nc6 8. Bg5 h6 9. Be3 Be6 10. h3 Rb8 11. Qd2 Kh7 12. Rab1 a6 13. a4 Qc8 14. Kh2 Nb4 15. Ng1 b6 16. f4 d5 17. cxd5 Nbxd5 18. Nxd5 Bxd5 19. Bxd5 Nxd5 20. Bf2 Qc6 21. Qc2 Rfd8 22. Nf3 Qe6 23. Rfe1 Nb4 24. Qc4 Rd6 25. Qxe6 Rxe6 26. Ng1 Rd8 27. Kg2 Nc2 28. Rec1 Nd4 29. Bxd4 Bxd4 30. Rc2 Rd5 31. Nf3 f5 32. Nxd4 Rxd4 33. b3 Kg7 34. Kf3 Kf6 35. Rbc1 Rb4 36. Rb1 Rd6 37. Rc3 e5 38. fxe5+ Kxe5 39. e3 g5 40. Rf1 h5 41. Ke2 f4 42. gxf4+ gxf4 0-1

[Event "Mallorca-chC"]
[Site "Palma de Mallorca"]
[Date "2011.11.05"]
[Round "2"]
[White "Orcera Gomez, Francisco"]
[Black "Oliver Amengual, Adria"]
[Result "1/2-1/2"]
[WhiteElo "1764"]
[BlackElo "1893"]
[PlyCount "79"]
[EventDate "2011.10.29"]
[EventType "swiss"]
[EventRounds "8"]
[EventCountry "ESP"]
[SourceTitle "EXT 2017"]
[Source "ChessBase"]
[SourceDate "2016.10.25"]
[SourceVersion "1"]
[SourceVersionDate "2016.10.25"]
[SourceQuality "1"]

1. d4 Nf6 2. Nf3 g6 3. Bf4 Bg7 4. Nbd2 0-0 5. e4 d6 6. Bd3 c5 7. c3 cxd4 8. cxd4 Nc6 9. Qb3 Nh5 10. Be3 e5 11. d5 Ne7 12. 0-0 f5 13. Bg5 h6 14. Bxe7 Qxe7 15. Rac1 Nf4 16. Rc2 Nxd3 17. Qxd3 f4 18. Rfc1 g5 19. Rc7 Qf6 20. h3 h5 21. Nh2 g4 22. hxg4 hxg4 23. R1c3 Qd8 24. Qc2 Bf6 25. Nb3 b6 26. Qe2 Bh4 27. Nxg4 Qg5 28. f3 Bxg4 29. fxg4 Bg3 30. Nd2 Qh4 31. Nf3 Qxg4 32. R3c6 Rac8 33. Qc2 Rxc7 34. Rxc7 Bh4 35. Qc6 Rd8 36. Rxa7 Rc8 37. Rc7 Rxc7 38. Qxc7 Qg3 39. Qc8+ Kf7 40. Qd7+ 1/2-1/2

[Event "Palma de Mallorca op 3rd"]
[Site "Palma de Mallorca"]
[Date "2008.12.08"]
[Round "3"]
[White "Orcera Gomez, Francisco"]
[Black "Gaya Llodra, Juan"]
[Result "0-1"]
[WhiteElo "1801"]
[BlackElo "2257"]
[PlyCount "113"]
[EventDate "2008.12.06"]
[EventType "swiss"]
[EventRounds "9"]
[EventCountry "ESP"]
[SourceTitle "CBM 127 Extra"]
[Source "ChessBase"]
[SourceDate "2009.01.08"]
[SourceVersion "2"]
[SourceVersionDate "2009.01.28"]
[SourceQuality "1"]

1. d4 Nf6 2. c4 g6 3. Nc3 d5 4. Bf4 Bg7 5. e3 0-0 6. Qb3 c6 7. h3 dxc4 8. Bxc4 b5 9. Bd3 Be6 10. Qc2 Na6 11. a3 Qa5 12. Rc1 Nd5 13. Nge2 c5 14. 0-0 Rac8 15. Nxd5 Bxd5 16. Qb1 c4 17. Be4 b4 18. axb4 Nxb4 19. Nc3 Rfd8 20. Nxd5 Nxd5 21. Bg3 Qb5 22. Qa2 a6 23. Bf3 Nb4 24. Qa3 Nd3 25. Rc2 e5 26. dxe5 Bf8 27. Qa1 Nb4 28. Re2 Rc5 29. Rb1 Bg7 30. Qa3 Rd3 31. Qa1 Bxe5 32. Bxe5 Rxe5 33. Rd1 Re8 34. Red2 Red8 35. Rxd3 cxd3 36. Qa3 Qc4 37. Qc3 Qxc3 38. bxc3 Na2 39. Ra1 Nxc3 40. Rxa6 d2 41. Kh2 Ne4 42. Ra1 Nxf2 43. Kg3 d1Q 44. Bxd1 Nxd1 45. Kf3 Rd2 46. g4 g5 47. Ra3 Rf2+ 48. Kg3 Rf6 49. Rb3 Nf2 50. Ra3 Ne4+ 51. Kg2 Rf2+ 52. Kg1 Re2 53. Kh1 Nf2+ 54. Kg2 Nxg4+ 55. Kf3 Rxe3+ 56. Rxe3 Nxe3 57. Kxe3 0-1

[Event "Calvia Veterans op 4th"]
[Site "Calvia"]
[Date "2007.10.19"]
[Round "5"]
[White "Orcera Gomez, Francisco"]
[Black "Fernandez Martin, Manuel"]
[Result "1-0"]
[WhiteElo "1841"]
[BlackElo "1709"]
[PlyCount "93"]
[EventDate "2007.10.15"]
[EventType "swiss"]
[EventRounds "9"]
[EventCountry "ESP"]
[SourceTitle "CBM 120 Extra"]
[Source "ChessBase"]
[SourceDate "2007.11.01"]
[SourceVersion "1"]
[SourceVersionDate "2007.11.01"]
[SourceQuality "1"]

1. e4 c5 2. Nc3 Nc6 3. Nf3 d6 4. a3 g6 5. Bc4 Bg7 6. Ng5 e6 7. f4 a6 8. d3 b5 9. Ba2 Nge7 10. Bd2 0-0 11. Rb1 d5 12. 0-0 Rb8 13. Ne2 Bb7 14. Qe1 Qc7 15. Bc3 h6 16. Bxg7 Kxg7 17. Nf3 c4 18. Qh4 Qb6+ 19. Kh1 f6 20. Ng3 Rbe8 21. Rbe1 Nd4 22. Bb1 Nxf3 23. gxf3 Bc8 24. Rg1 Kh7 25. Re2 Rf7 26. Rge1 Qc7 27. Rf1 d4 28. Ba2 f5 29. Rg2 Rg8 30. Ne2 Qc5 31. Rg3 Rh8 32. Rfg1 Kg7 33. R3g2 Bb7 34. Ng3 Kf8 35. Ne2 Qd6 36. Qf2 e5 37. fxe5 Qxe5 38. Qxd4 Qxd4 39. Nxd4 Rf6 40. h3 Rd6 41. Ne2 cxd3 42. Nc3 dxc2 43. Rxc2 Rd3 44. Kg2 f4 45. Rd1 Rxd1 46. Nxd1 Kg7 47. Rc7 1-0